[Event "TCh-RUS"]
[Site "Togliatti RUS"]
[Date "2003.05.17"]
[Round "2"]
[White "Lubashov,A"]
[Black "Odinokov,N"]
[Result "1-0"]
[WhiteElo "2414"]
[BlackElo "2349"]
[EventDate "2003.05.16"]

1. e4 e5 2. Nf3 Nc6 3. c3 d5 4. Qa4 Bd7 5. exd5 Nd4 6. Qd1 Nxf3+ 7. Qxf3
Nf6 8. Bc4 Bd6 9. d4 exd4 10. O-O Ng4 11. Re1+ Kf8 12. Bf4 Qf6 13. Bxd6+
Qxd6 14. Qg3 Qxg3 15. hxg3 h5 16. cxd4 Rh6 17. Nd2 Rb6 18. Nb3 Be8 19. Rac1
Nf6 20. Re5 a5 21. Rc2 a4 22. Nd2 g6 23. Be2 Rd8 24. Nc4 Ra6 25. Bf3 Bd7
26. Rc3 Ne8 27. Re1 Bc8 28. Rec1 Ra7 29. a3 Bd7 30. Ne3 Ke7 31. Be2 Rc8 32.
f4 b6 33. f5 Bxf5 34. Nxf5+ gxf5 35. Bxh5 Nd6 36. g4 f4 37. g5 Nb5 38. Re1+
Kf8 39. Rf3 Re8 40. Ref1 Nd6 41. Rxf4 Kg7 42. Bxf7 Re2 43. Bh5 Rxb2 44. Re1
c6 45. dxc6 Rb3 46. Rf6 Nb5 47. Re8 Rxa3 48. Rg6+ Kf7 49. Rh6+ 1-0

[Event "TCh-RUS"]
[Site "Togliatti RUS"]
[Date "2003.05.17"]
[Round "2"]
[White "Katkov,S"]
[Black "Bogachkov,I"]
[Result "0-1"]
[WhiteElo "2234"]
[BlackElo "2324"]
[EventDate "2003.05.16"]

1. e4 c5 2. Nf3 Nc6 3. Bb5 g6 4. Bxc6 bxc6 5. O-O Bg7 6. Re1 Nh6 7. c3 f6
8. d4 cxd4 9. cxd4 d6 10. b3 Nf7 11. Bb2 e5 12. Nbd2 Be6 13. Rc1 Rc8 14. b4
O-O 15. Nb3 Qb6 16. Bc3 Qa6 17. Qc2 Bh6 18. Rb1 Bc4 19. Rbd1 Qa4 20. Qb2
Rfe8 21. dxe5 fxe5 22. Bd2 Bxd2 23. Nbxd2 Be6 24. Rc1 Qxa2 25. Qxa2 Bxa2
26. Ra1 Be6 27. Rxa7 Ra8 28. Rxa8 Rxa8 29. h4 Rb8 30. Rc1 Bd7 31. Rb1 h6
32. Kf1 Kf8 33. Ke2 Ke7 34. Ne1 Ra8 35. Rb2 Nd8 36. Nc4 Ra6 37. Nc2 Ne6 38.
g3 Nc7 39. Kd2 Nb5 40. N4e3 Ra8 41. Nd1 Bg4 42. Nde3 Be6 43. Rb1 Rf8 44.
Rf1 Bh3 45. Rh1 Bg2 46. Ra1 Bxe4 47. Ke1 d5 48. Na3 Nd4 49. Nb1 Kd6 50. Nd2
Bd3 51. Ra3 e4 52. Ra7 Ne6 53. Ra3 Rb8 54. h5 gxh5 55. Nf5+ Ke5 56. Ne7 Nd4
57. Ra7 Rxb4 0-1

[Event "TCh-RUS"]
[Site "Togliatti RUS"]
[Date "2003.05.17"]
[Round "2"]
[White "Olenin,N"]
[Black "Zvjaginsev,V"]
[Result "0-1"]
[WhiteElo "2406"]
[BlackElo "2664"]
[EventDate "2003.05.16"]

1. e4 e6 2. d4 d5 3. Nc3 Nf6 4. e5 Nfd7 5. f4 c5 6. Nf3 Nc6 7. Be3 cxd4 8.
Nxd4 Bc5 9. Qd2 O-O 10. O-O-O a6 11. h4 Nxd4 12. Bxd4 b5 13. h5 b4 14. Na4
Bxd4 15. Qxd4 a5 16. Bb5 Rb8 17. Bd3 Bb7 18. Kb1 Bc6 19. Nc5 Bb5 20. Nxd7
Qxd7 21. g4 Rfc8 22. f5 Bxd3 23. cxd3 b3 24. a3 Rc2 25. f6 Qc6 26. Rc1 Rc8
27. Qf4 d4 28. Qg5 Rxb2+ 29. Kxb2 Qg2+ 30. Kxb3 a4+ 31. Kxa4 Ra8+ 32. Kb3
Rb8+ 0-1

[Event "TCh-RUS"]
[Site "Togliatti RUS"]
[Date "2003.05.17"]
[Round "2"]
[White "Rustemov,A"]
[Black "Platonov,E"]
[Result "1-0"]
[WhiteElo "2581"]
[BlackElo "2392"]
[EventDate "2003.05.16"]

1. d4 Nf6 2. Nf3 e6 3. c4 d5 4. Nc3 Nbd7 5. cxd5 exd5 6. Bf4 c6 7. h3 Be7
8. e3 Nf8 9. Bd3 Ng6 10. Bh2 Bd6 11. Bxd6 Qxd6 12. Qc2 O-O 13. O-O-O Be6
14. Kb1 Rac8 15. g4 Rfe8 16. Ka1 b6 17. g5 Nd7 18. Rdg1 c5 19. h4 Ngf8 20.
h5 g6 21. Ba6 Rcd8 22. Bb5 Re7 23. dxc5 bxc5 24. Rd1 Qb8 25. Rxd5 Bxd5 26.
Nxd5 Re6 27. Bc4 Qb7 28. hxg6 Nxg6 29. Qf5 Rde8 30. Qh3 Ngf8 31. Nf4 Ne5
32. Nxe5 Rxe5 33. g6 Rd8 34. Bxf7+ 1-0

[Event "TCh-RUS"]
[Site "Togliatti RUS"]
[Date "2003.05.17"]
[Round "2"]
[White "Pimonenko,B"]
[Black "Najer,E"]
[Result "0-1"]
[WhiteElo "2356"]
[BlackElo "2606"]
[EventDate "2003.05.16"]

1. d4 d5 2. Nf3 Nf6 3. c4 c6 4. Qc2 dxc4 5. Qxc4 Bf5 6. Nc3 e6 7. e3 Bd6 8.
Be2 O-O 9. O-O Nbd7 10. Qb3 Qb6 11. Qxb6 axb6 12. Nd2 Bc2 13. b3 e5 14. Bb2
exd4 15. exd4 Bf4 16. Nf3 b5 17. g3 Bd6 18. Rfc1 Bf5 19. Nh4 Bh3 20. Bd3
Rfe8 21. Nf5 Bf8 22. Ne3 Nb6 23. a4 bxa4 24. Nxa4 Nbd5 25. Nxd5 Nxd5 26.
Nc5 Rxa1 27. Rxa1 b6 28. Na4 Bb4 29. Bf1 Bxf1 30. Kxf1 g5 31. Ba3 Bxa3 32.
Rxa3 Re4 33. Ra2 Rxd4 34. Rc2 c5 35. Nc3 Nxc3 36. Rxc3 g4 37. Kg2 f5 38. h3
Kf7 39. Re3 Re4 40. Rd3 Ke6 41. hxg4 fxg4 42. f3 Rd4 43. Re3+ Kf5 44. Kf2
Rd2+ 45. Ke1 Rb2 46. Kf1 h5 47. Kg1 Rc2 48. Kf1 b5 49. Ke1 b4 50. Kf1 Rc3
0-1

[Event "TCh-RUS"]
[Site "Togliatti RUS"]
[Date "2003.05.17"]
[Round "2"]
[White "Dolmatov,S"]
[Black "Konstantinov,Vas"]
[Result "1-0"]
[WhiteElo "2606"]
[BlackElo "2254"]
[EventDate "2003.05.16"]

1. e4 c5 2. Nf3 Nc6 3. d4 cxd4 4. Nxd4 Nf6 5. Nc3 d6 6. Bg5 e6 7. Qd2 Be7
8. O-O-O O-O 9. f4 Qb6 10. Nf3 Rd8 11. Bd3 a6 12. Qe1 h6 13. Bh4 Qc5 14.
Rg1 b5 15. Bf2 Qh5 16. Be2 Qg4 17. g3 Qh3 18. g4 Nxg4 19. Rg3 Qh5 20. Nd4
Nxd4 21. Bxg4 Qxh2 22. Rxd4 Bh4 23. Rd2 Bb7 24. Rh3 1-0

[Event "TCh-RUS"]
[Site "Togliatti RUS"]
[Date "2003.05.17"]
[Round "2"]
[White "Abashev,D"]
[Black "Vokarev,S"]
[Result "0-1"]
[WhiteElo "2437"]
[BlackElo "2498"]
[EventDate "2003.05.16"]

1. e4 c5 2. Nf3 Nc6 3. d4 cxd4 4. Nxd4 g6 5. Nc3 Bg7 6. Be3 Nf6 7. Bc4 O-O
8. Bb3 d6 9. f3 Bd7 10. Qd2 Nxd4 11. Bxd4 b5 12. O-O-O a5 13. a4 bxa4 14.
Bxa4 Bxa4 15. Nxa4 Rb8 16. b3 Qc7 17. Qc3 Qb7 18. Qb2 Rfc8 19. Kb1 Qa6 20.
Rhe1 Rb4 21. e5 Nd7 22. exd6 e5 23. Nc5 Qc6 24. Nxd7 exd4 25. Ne5 Qxd6 26.
Nd3 Rbb8 27. Qa2 Qxh2 28. Re2 Qc7 29. Rde1 h5 30. Qa4 Bf6 31. Re8+ Kg7 32.
Rxc8 Rxc8 33. Re2 Qb6 34. Re4 Qc7 35. Re2 Qb6 36. Re4 Rb8 37. Kb2 Qc7 38.
Kb1 Qb6 39. Kb2 Qb5 40. Ka3 Qf5 41. Kb2 Qg5 42. Re2 Qd5 43. Re4 Rb5 44. Kb1
Qb7 45. Qc4 Rg5 46. Re2 Qb6 47. Ka2 Qd6 48. Nf2 d3 49. Nxd3 Qh2 50. Nc1 Qg1
51. c3 0-1

[Event "TCh-RUS"]
[Site "Togliatti RUS"]
[Date "2003.05.17"]
[Round "2"]
[White "Potkin,V"]
[Black "Kolotilin,Y"]
[Result "1-0"]
[WhiteElo "2522"]
[BlackElo "2332"]
[EventDate "2003.05.16"]

1. e4 c5 2. Nf3 Nc6 3. Bb5 g6 4. Bxc6 bxc6 5. O-O Bg7 6. c3 e5 7. d4 cxd4
8. cxd4 exd4 9. Nxd4 Ne7 10. Nc3 O-O 11. Re1 d6 12. Bg5 Bd7 13. Qd2 Re8 14.
Rad1 Qb6 15. Nb3 Nc8 16. Be3 Qc7 17. Bd4 f6 18. Be3 Be6 19. Nd4 Bf7 20. Bh6
Rb8 21. Bxg7 Kxg7 22. Re3 Ne7 23. Rh3 Ng8 24. Rg3 Kh8 25. b3 Rbd8 26. Rd3
Qb6 27. h3 Kg7 28. Nc2 d5 29. Ne3 Ne7 30. Ng4 Ng8 31. exd5 cxd5 32. Nxd5
Bxd5 33. Rxd5 Rxd5 34. Qxd5 h5 35. Ne3 Qa6 36. a4 Re7 37. Qc5 Qb7 38. Rd8
Nh6 39. Nd5 Rf7 40. b4 Qa6 41. a5 Nf5 42. Nf4 h4 43. Qd5 Qb7 44. b5 Qe7 45.
Ne6+ Kh7 46. b6 axb6 47. axb6 Ng7 48. Rd7 1-0

[Event "TCh-RUS"]
[Site "Togliatti RUS"]
[Date "2003.05.17"]
[Round "2"]
[White "Ovetchkin,R"]
[Black "Cherniaev,A2"]
[Result "1-0"]
[WhiteElo "2535"]
[BlackElo "2228"]
[EventDate "2003.05.16"]

1. e4 d6 2. d4 Nf6 3. Nc3 g6 4. g3 Bg7 5. Bg2 O-O 6. Nge2 c6 7. O-O e5 8.
a4 a5 9. h3 exd4 10. Nxd4 Nbd7 11. Be3 Re8 12. Re1 Qc7 13. g4 Nc5 14. f3
Bd7 15. Qd2 Rad8 16. Rad1 Bc8 17. Qf2 Nfd7 18. b3 f5 19. gxf5 gxf5 20. Ndb5
cxb5 21. Nxb5 Qb8 22. Nxd6 Re6 23. Nxf5 b6 24. Nxg7 Kxg7 25. f4 Bb7 26. f5
Rxe4 27. Bxe4 Nxe4 28. Qh4 Ndf6 29. Bd4 Kf7 30. Rxe4 Nxe4 31. Qxh7+ Ke8 32.
Qg8+ Ke7 33. f6+ Kd6 34. Qxd8+ Qxd8 35. Bxb6+ 1-0

[Event "TCh-RUS"]
[Site "Togliatti RUS"]
[Date "2003.05.17"]
[Round "2"]
[White "Sveshnikov,E"]
[Black "Landa,K"]
[Result "0-1"]
[WhiteElo "2551"]
[BlackElo "2643"]
[EventDate "2003.05.16"]

1. e4 c5 2. c3 Nf6 3. e5 Nd5 4. Nf3 Nc6 5. Bc4 Nb6 6. Bb3 c4 7. Bc2 Qc7 8.
Qe2 g5 9. h3 Bg7 10. O-O Nxe5 11. Nxg5 d5 12. Re1 e6 13. Na3 Bd7 14. d4
cxd3 15. Bxd3 Nxd3 16. Qxd3 h6 17. Nf3 O-O-O 18. Nb5 Bxb5 19. Qxb5 Nc4 20.
Qa4 a6 21. Qc2 Kb8 22. b3 Ne5 23. Nd4 Rc8 24. Bd2 Ng4 25. hxg4 Bxd4 26.
Rac1 Qg3 27. cxd4 Rxc2 28. fxg3 Rxd2 29. Rf1 Rh7 30. Rf4 Rxa2 31. Rcf1 Rb2
32. R1f3 a5 33. Kh2 Ka7 34. Kh3 Rb1 35. Kh2 Ka6 36. Rxf7 Rxf7 37. Rxf7 Rxb3
38. Rf6 a4 39. Rxh6 a3 40. Rxe6+ Ka7 41. Re1 b5 42. g5 b4 43. Re7+ Kb6 44.
g6 Rc3 45. Re8 Rc7 46. Rb8+ Ka5 47. g4 Ka4 48. Kg3 a2 49. Kf4 Kb3 50. Ra8
Kb2 51. Ke5 a1=Q 0-1

[Event "TCh-RUS"]
[Site "Togliatti RUS"]
[Date "2003.05.17"]
[Round "2"]
[White "Kobalia,M"]
[Black "Ulibin,M"]
[Result "0-1"]
[WhiteElo "2639"]
[BlackElo "2562"]
[EventDate "2003.05.16"]

1. Nf3 Nf6 2. d4 e6 3. c4 Bb4+ 4. Bd2 Qe7 5. g3 Nc6 6. Bg2 Bxd2+ 7. Nbxd2
d6 8. O-O e5 9. d5 Nb8 10. Nb1 O-O 11. Nc3 c5 12. dxc6 bxc6 13. Rc1 Bb7 14.
Qb3 Na6 15. Rfd1 Rfd8 16. Nh4 g6 17. Nf3 Kg7 18. Ne1 h5 19. h4 Nc5 20. Qa3
Ne6 21. Rd2 Nd4 22. Nc2 c5 23. Ne3 e4 24. b4 Qe5 25. Ncd5 Bxd5 26. cxd5
cxb4 27. Qxb4 Nf5 28. Nxf5+ gxf5 29. Qd4 Qxd4 30. Rxd4 Rdb8 31. f3 Rb2 32.
fxe4 fxe4 33. Bxe4 Rxe2 34. Bf3 Rxa2 35. Rf4 Re8 36. Rf5 Re3 37. Rf1 a5 38.
Kh1 Nd7 39. Bxh5 Ne5 40. Rg5+ Kf8 41. Rgf5 Ke7 42. Bf3 Raa3 43. Bg2 Rxg3
44. Kh2 Rg8 45. Rb1 Rg4 46. Rb7+ Kf8 47. Rb8+ Kg7 48. Rh5 Rg6 49. Be4 Nf3+
50. Bxf3 Rxf3 51. Rhh8 Rf2+ 52. Kh3 Rf3+ 53. Kh2 Kf6 54. Rbe8 Rf2+ 55. Kh3
Rf3+ 56. Kh2 a4 57. h5 Rg4 58. Rh6+ Kg5 59. Rxd6 Kh4 0-1

[Event "TCh-RUS"]
[Site "Togliatti RUS"]
[Date "2003.05.18"]
[Round "3"]
[White "Yandemirov,V"]
[Black "Kalugin,S"]
[Result "1/2-1/2"]
[WhiteElo "2475"]
[BlackElo "2454"]
[EventDate "2003.05.16"]

1. e4 c5 2. Nf3 Nc6 3. Bb5 e6 4. Bxc6 bxc6 5. b3 f6 6. O-O Nh6 7. Ba3 d6 8.
c3 Be7 9. d4 cxd4 10. cxd4 e5 11. Qc2 Bd7 12. Nbd2 Nf7 13. Nc4 Qc7 14. Rac1
Rc8 15. Rfd1 Be6 16. Qb2 Qb8 17. Qd2 c5 18. dxc5 dxc5 19. Ne3 O-O 20. Nd5
Bxd5 21. Qxd5 Qb6 22. Qc4 Rfd8 23. h3 Qa5 24. Bb2 Kf8 25. Bc3 Qb6 26. Qa4
Qc6 27. Qxc6 Rxc6 28. Rxd8+ Nxd8 29. Nd2 Ne6 30. Kf1 Ke8 31. Nc4 Nd4 32.
Bxd4 cxd4 33. Ke2 Kd7 34. Kd3 Bb4 35. Rf1 Ke6 36. f4 g6 37. f5+ gxf5 38.
Rxf5 Rc7 39. g4 h6 40. Rh5 Bf8 41. Rf5 Bb4 42. Rh5 Bf8 43. Rf5 1/2-1/2

[Event "TCh-RUS"]
[Site "Togliatti RUS"]
[Date "2003.05.18"]
[Round "3"]
[White "Lunev,A"]
[Black "Gabdrakhmanov,R"]
[Result "0-1"]
[WhiteElo "2509"]
[BlackElo "2427"]
[EventDate "2003.05.16"]

1. e4 c6 2. d4 g6 3. Nc3 Bg7 4. Nf3 d6 5. h3 Nf6 6. Bf4 O-O 7. Qd2 d5 8. e5
Ne4 9. Nxe4 dxe4 10. Ng5 c5 11. d5 f5 12. Bc4 b5 13. Bxb5 h6 14. Ne6 Bxe6
15. dxe6 Qb6 16. Qe2 Nc6 17. Bxc6 Qxc6 18. Qc4 Rab8 19. O-O-O Rb4 20. Qd5
Qb6 21. b3 Rd4 22. Rxd4 cxd4 23. Rd1 Rd8 24. Qc4 g5 25. Bh2 f4 26. g3 f3
27. g4 e3 28. Kb1 e2 29. Rc1 d3 30. cxd3 Qxf2 31. Qc7 Rf8 0-1

[Event "TCh-RUS"]
[Site "Togliatti RUS"]
[Date "2003.05.18"]
[Round "3"]
[White "Rodchenkov,V"]
[Black "Olenin,N"]
[Result "1-0"]
[WhiteElo "2417"]
[BlackElo "2406"]
[EventDate "2003.05.16"]

1. e4 c5 2. c3 d5 3. exd5 Qxd5 4. d4 Nf6 5. Nf3 Nc6 6. Be3 cxd4 7. cxd4 e6
8. Nc3 Qd6 9. Bd3 Be7 10. O-O O-O 11. Rc1 Rd8 12. Bb1 Bd7 13. a3 Be8 14.
Qe2 Rac8 15. Rfd1 a6 16. Ba2 Qb8 17. d5 Nxd5 18. Nxd5 exd5 19. Bb6 Rd6 20.
Bxd5 Bf6 21. Bc5 Rd7 22. b4 Rcd8 23. Bb3 Rxd1+ 24. Rxd1 Rxd1+ 25. Bxd1 Bd7
26. Bb3 Nd8 27. Be7 Qf4 28. Bxf6 Qxf6 29. Qe5 Qxe5 30. Nxe5 Be6 31. Bd1 f6
32. Nd3 Kf7 33. Nc5 Bc8 34. Kf1 Ke7 35. Ke2 Kd6 36. Ke3 b6 37. Ne4+ Kd5 38.
Bb3+ Kc6 39. Nc3 a5 40. Ba4+ Kd6 41. bxa5 bxa5 42. Ne4+ Kd5 43. Bb3+ Kc6
44. Ng3 Be6 45. Ba4+ Kc5 46. Nh5 Bd5 47. Nxg7 Bxg2 48. Nh5 f5 49. Bc2 Kc4
50. Bxf5 h6 51. Nf4 Bc6 52. Ne6 Nf7 53. Nd4 Bd5 54. f4 Nd6 55. Bd7 Kc3 56.
Ne6 Kc4 57. Nc7 Bf7 58. f5 Kb3 59. Nb5 Nxb5 60. Bxb5 Kxa3 61. Bd7 Bb3 62.
Be8 Kb4 63. Kd4 a4 64. f6 a3 65. f7 Bxf7 66. Bxf7 h5 67. h4 Kb5 68. Ke5 Kc6
69. Kf6 Kd6 70. Bc4 Kd7 1-0

[Event "TCh-RUS"]
[Site "Togliatti RUS"]
[Date "2003.05.18"]
[Round "3"]
[White "Platonov,E"]
[Black "Torbin,K"]
[Result "1/2-1/2"]
[WhiteElo "2392"]
[BlackElo "2427"]
[EventDate "2003.05.16"]

1. d4 d5 2. c4 dxc4 3. Nf3 Nf6 4. e3 e6 5. Bxc4 a6 6. O-O c5 7. dxc5 Bxc5
8. Qxd8+ Kxd8 9. Nbd2 Nbd7 10. Be2 b6 11. Nc4 Bb7 12. Rd1 Bd5 13. Nfd2 b5
14. Na5 Kc7 15. Ndb3 Be7 16. f3 Nc5 17. Nd4 Nb7 18. Bd2 Kb6 19. Ndb3 Nc5
20. Nxc5 Bxc5 21. b4 Be7 22. e4 Bc4 23. Be3+ Kc7 24. Bf4+ Kb6 25. Be3+ Kc7
26. Nxc4 bxc4 27. Rac1 Rac8 28. Rxc4+ Kb7 29. Rdc1 Rxc4 30. Rxc4 Nd7 31. a3
Nb6 32. Rc2 Bf6 33. b5 axb5 34. Bxb5 Rd8 35. Rd2 Ra8 36. a4 Nxa4 37. Rd7+
Kc8 38. Rxf7 Nc3 39. Bd7+ Kc7 40. Bxe6+ Kd6 41. Bb3 Ra1+ 42. Kf2 Rb1 43.
Bf4+ Kc5 44. Be3+ Kc6 45. Bc4 Rb4 46. Bd3 Nd1+ 47. Ke2 Nc3+ 48. Kd2 Rb2+
49. Bc2 Na2 50. Rxf6+ gxf6 51. Bd4 Rb8 52. Bxf6 Nb4 53. Ba4+ Kd6 54. f4 Ra8
55. Bb3 Nc6 56. Bd5 Ra3 57. Bc3 Kc5 58. f5 Ne7 59. Be6 Ra6 60. Kd3 Ra3 61.
g4 Nc6 62. Kd2 Nd4 63. Bd5 h5 64. Bxd4+ Kxd4 65. f6 hxg4 66. Ke2 Rf3 67. f7
Rf6 1/2-1/2

[Event "TCh-RUS"]
[Site "Togliatti RUS"]
[Date "2003.05.18"]
[Round "3"]
[White "Konstantinov,Vas"]
[Black "Askarov,M"]
[Result "0-1"]
[WhiteElo "2254"]
[BlackElo "2260"]
[EventDate "2003.05.16"]

1. e4 c5 2. Nf3 d6 3. d4 cxd4 4. Nxd4 Nf6 5. Nc3 a6 6. Bc4 e6 7. Bb3 Nbd7
8. Be3 Nc5 9. f3 Be7 10. Qd2 Qc7 11. g4 b5 12. g5 Nfd7 13. O-O-O b4 14. Na4
Ne5 15. f4 Ned7 16. f5 e5 17. Ne2 Nxb3+ 18. axb3 Bb7 19. Ng3 Rc8 20. h4 d5
21. exd5 Bxd5 22. Nb6 Nxb6 23. Bxb6 Qc6 24. Rh2 Bxb3 25. Kb1 Ba4 26. Qf2 b3
27. c3 Bb5 28. Nh5 Qe4+ 29. Kc1 O-O 30. f6 Ba3 31. Ba5 Bc5 32. fxg7 Be3+
33. Rd2 Qc2+ 0-1

[Event "TCh-RUS"]
[Site "Togliatti RUS"]
[Date "2003.05.18"]
[Round "3"]
[White "Vokarev,S"]
[Black "Yevseev,D"]
[Result "1/2-1/2"]
[WhiteElo "2498"]
[BlackElo "2580"]
[EventDate "2003.05.16"]

1. e4 c6 2. d4 d5 3. exd5 cxd5 4. c4 Nf6 5. Nc3 g6 6. Qb3 Bg7 7. cxd5 O-O
8. Be2 Na6 9. Bf3 Qb6 10. Qxb6 axb6 11. Nge2 Nb4 12. O-O Rd8 13. d6 Rxd6
14. Bf4 Rd7 15. Rfd1 Nfd5 16. Bg3 Nxc3 17. bxc3 Nc6 18. Nf4 Ra5 19. h4 e5
20. dxe5 Nxe5 21. Bd5 Nc6 22. Rac1 Be5 23. Bb3 Rxd1+ 24. Rxd1 Kg7 25. Ne2
Bxg3 26. Nxg3 Re5 27. f4 Re7 28. Kf2 Rc7 29. Ne4 Na5 30. Rd3 Nxb3 31. axb3
Be6 32. Nd6 Kf8 33. b4 Bd7 34. Ke3 Ke7 35. Kd2 h5 36. Rd4 Be6 37. g3 f6 38.
Nb5 Rc6 39. Re4 Kd7 40. Rd4+ Ke7 41. Re4 Kd7 42. Nd4 Bd5 43. Nxc6 Bxe4 44.
Nd4 Kd6 45. c4 Bb1 46. Nb5+ Kc6 47. Ke3 Bf5 48. Kd4 Be6 49. Nc3 Kd6 50.
Ne4+ Ke7 51. b5 Bh3 52. Nc3 Ke6 53. Nd5 Kf5 54. Ne3+ Ke6 55. Nd5 Kf5 56.
Ke3 Bf1 57. Kf3 Ke6 58. Nxb6 Kd6 59. Kf2 Bh3 60. Na4 Be6 61. c5+ Kd5 62.
Ke3 Bf5 63. c6 bxc6 64. bxc6 Kxc6 65. Kd4 Kd6 1/2-1/2

[Event "TCh-RUS"]
[Site "Togliatti RUS"]
[Date "2003.05.18"]
[Round "3"]
[White "Klimov,S"]
[Black "Potkin,V"]
[Result "1/2-1/2"]
[WhiteElo "2507"]
[BlackElo "2522"]
[EventDate "2003.05.16"]

1. d4 d5 2. c4 e6 3. Nc3 c5 4. cxd5 exd5 5. Nf3 Nc6 6. dxc5 d4 7. Na4 Bf5
8. e3 d3 9. Qb3 Nf6 10. Bd2 Be7 11. O-O-O O-O 12. Qxb7 Be4 13. Qb3 Rb8 14.
Qc4 Bd5 15. Qxd3 Qc7 16. Qa6 Bxc5 17. Nxc5 Nb4 18. Bxb4 Rxb4 19. Kb1 Qxc5
20. Rc1 Be4+ 21. Bd3 Qb6 22. Ka1 Bxd3 23. Qxd3 Rxb2 24. Rb1 Rb8 25. Nd2 Ng4
26. Qc3 Rxb1+ 27. Rxb1 Qd8 28. f3 Rxb1+ 29. Kxb1 Nxh2 30. Kc2 h6 31. Qe5
Qh4 32. Qe8+ Kh7 33. Qxf7 Qf2 34. Qf5+ Kh8 35. Qd3 Qxg2 36. e4 Qg3 37. Qe3
Qg2 38. e5 Nf1 39. Qd3 Nxd2 40. Qd8+ Kh7 41. Qd3+ Kh8 42. Qxd2 Qxf3 43. Qd6
Qe4+ 1/2-1/2

[Event "TCh-RUS"]
[Site "Togliatti RUS"]
[Date "2003.05.18"]
[Round "3"]
[White "Vitiugov,N"]
[Black "Ovetchkin,R"]
[Result "1-0"]
[WhiteElo "2447"]
[BlackElo "2535"]
[EventDate "2003.05.16"]

1. d4 c5 2. d5 e5 3. c4 d6 4. Nc3 Be7 5. Nf3 a6 6. e4 Nd7 7. Bd3 Ngf6 8. h3
Nf8 9. Be3 Ng6 10. Qd2 h5 11. g3 Bd7 12. a4 h4 13. g4 b6 14. Rb1 O-O 15. b4
Nh7 16. O-O Bf6 17. Ne2 a5 18. bxc5 bxc5 19. Bc2 Qc7 20. Nc3 Nf4 21. Bxf4
exf4 22. Nb5 Bxb5 23. Rxb5 Ng5 24. Nxg5 Bxg5 25. e5 dxe5 26. Rfb1 Ra6 27.
Rb7 Qd8 28. R1b5 e4 29. Bxe4 Re8 30. Qd3 Qf6 31. Rb8 Ra8 32. Rxa8 Rxa8 33.
Rxc5 Qa1+ 34. Kg2 Bf6 35. d6 Rd8 36. Rxa5 f3+ 37. Bxf3 Be5 38. d7 Bb8 39.
Rb5 Bc7 40. Rc5 Bb6 41. Rc6 Qb2 42. c5 Ba5 43. Rc8 Qe5 44. Qe4 1-0

[Event "TCh-RUS"]
[Site "Togliatti RUS"]
[Date "2003.05.18"]
[Round "3"]
[White "Lysyj,I"]
[Black "Smirnov,Ar"]
[Result "1/2-1/2"]
[WhiteElo "2475"]
[BlackElo "2368"]
[EventDate "2003.05.16"]

1. Nf3 Nf6 2. c4 e6 3. Nc3 Bb4 4. Qc2 O-O 5. a3 Bxc3 6. Qxc3 c5 7. g3 b6 8.
Bg2 Bb7 9. b4 Qc7 10. O-O Rc8 11. d3 d5 12. b5 Nbd7 13. Bb2 d4 14. Qd2 e5
15. e4 Ne8 16. Bh3 f6 17. Nh4 Nd6 18. f4 Re8 19. a4 a6 20. Qe2 Nf8 21. Qf2
axb5 22. axb5 Rxa1 23. Rxa1 Ra8 24. Rxa8 Bxa8 25. fxe5 fxe5 26. Nf3 Nf7 27.
Bc1 Qa7 28. Qb2 h6 29. Qa3 Qxa3 30. Bxa3 Bb7 31. Bc1 Kh7 32. Bg4 Kg6 33. h4
Kf6 34. Nh2 Nd6 35. Kg2 Bc8 36. Be2 Nf7 37. Bd2 Nd6 38. Bh5 Nf7 39. Kf2 Bd7
40. Bd1 Bc8 41. Bc1 Nd6 42. Bh5 Be6 43. Kg2 Bf7 44. Bg4 Be6 45. Bxe6 Kxe6
46. h5 Nh7 47. g4 Nf7 48. Nf3 Kf6 49. Nh4 Nd6 50. Bd2 Ng5 51. Kf2 Nh3+ 52.
Kf3 Ng5+ 53. Ke2 Nh7 54. Ng6 Nf7 55. Be1 Ke6 56. Nh4 Nd6 57. Bf2 Kf6 58.
Ng2 Nf7 59. Bh4+ Nfg5 60. Bg3 Nf7 61. Be1 Ke6 62. Nh4 Nd6 63. Bd2 Kf6 64.
Nf3 Nf7 65. Nh2 Ke6 66. Nf1 Nd6 67. Ng3 Kf6 68. Kf3 Ke6 69. Be1 Ng5+ 70.
Ke2 1/2-1/2

[Event "TCh-RUS"]
[Site "Togliatti RUS"]
[Date "2003.05.18"]
[Round "3"]
[White "Burmakin,V"]
[Black "Makarov,M"]
[Result "1/2-1/2"]
[WhiteElo "2569"]
[BlackElo "2498"]
[EventDate "2003.05.16"]

1. d4 d5 2. Nf3 e6 3. c4 dxc4 4. Qa4+ c6 5. Qxc4 Nf6 6. Bg5 b5 7. Qc2 Bb7
8. e4 Nbd7 9. Bd3 h6 10. Bxf6 Qxf6 11. O-O e5 12. a4 a6 13. axb5 axb5 14.
Rxa8+ Bxa8 15. d5 Bc5 16. Rc1 b4 17. Nbd2 O-O 18. Nb3 Bb6 19. dxc6 Rc8 20.
Qd2 Rxc6 21. Ra1 Rc8 22. Qxb4 g5 23. Qe1 g4 24. Nfd2 Nc5 25. Nxc5 Bxc5 26.
Qe2 h5 27. Nf1 Qg5 28. Kh1 Bd4 29. f3 Bb7 30. Rd1 gxf3 31. Qxf3 h4 32. Qe2
Rc6 33. Nd2 Qe3 34. Qxe3 Bxe3 35. Nf3 Rd6 36. Bc2 Rxd1+ 37. Bxd1 Bxe4 38.
Nxh4 Kg7 39. Bf3 Bd3 40. Bd5 f5 41. g3 Kf6 42. b3 Bc5 43. Kg2 Bb4 44. Kf2
Bc5+ 45. Ke1 Bb4+ 46. Kd1 Ba6 47. Nf3 Bc5 48. Bc4 Bb7 49. Ke2 Bc6 50. Ne1
Bg1 51. Nf3 Bc5 52. Ne1 1/2-1/2

[Event "TCh-RUS"]
[Site "Togliatti RUS"]
[Date "2003.05.18"]
[Round "3"]
[White "Bachin,V"]
[Black "Grachev,B"]
[Result "1-0"]
[WhiteElo "2443"]
[BlackElo "2483"]
[EventDate "2003.05.16"]

1. e4 c5 2. Nc3 Nc6 3. g3 g6 4. Bg2 Bg7 5. d3 d6 6. Be3 Nf6 7. f4 Ng4 8.
Bd2 Bd4 9. Nh3 O-O 10. Qe2 Bg7 11. Rb1 f5 12. O-O Nd4 13. Qd1 Rb8 14. Kh1
e6 15. Ne2 Bd7 16. c3 Nc6 17. Nf2 Nxf2+ 18. Rxf2 e5 19. Be3 Be6 20. b3 Qe7
21. Qd2 fxe4 22. dxe4 Rbd8 23. Rbf1 Qd7 24. Ng1 exf4 25. gxf4 Bf6 26. f5
gxf5 27. Bh6 Rfe8 28. Bh3 Qe7 29. Bxf5 Bxf5 30. Rxf5 Qxe4+ 31. R1f3 Be5 32.
Qg2+ Kh8 33. Rf8+ Rxf8 34. Rxf8+ Rxf8 35. Qxe4 Rf6 36. Be3 Bxc3 37. Qe8+
Kg7 38. Qd7+ Kg6 39. h4 h5 40. Bg5 Ne5 41. Qe8+ Rf7 42. Ne2 1-0

[Event "TCh-RUS"]
[Site "Togliatti RUS"]
[Date "2003.05.18"]
[Round "3"]
[White "Batsanin,D"]
[Black "Alavkin,A"]
[Result "0-1"]
[WhiteElo "2431"]
[BlackElo "2482"]
[EventDate "2003.05.16"]

1. e4 e6 2. d4 d5 3. Nd2 Nf6 4. e5 Nfd7 5. f4 c5 6. c3 Nc6 7. Ndf3 Qb6 8.
g3 Be7 9. Bh3 O-O 10. Ne2 cxd4 11. cxd4 f6 12. Rf1 fxe5 13. fxe5 Ndb8 14.
Rf2 Na6 15. Kf1 Bd7 16. Bg4 Nc5 17. Kg2 Ne4 18. Rf1 Rac8 19. b3 Nb4 20. Ne1
Rxf1 21. Kxf1 Rf8+ 22. Bf3 Nc6 23. Kg2 Nxe5 24. Be3 Be8 25. Bg1 Nxf3 26.
Nxf3 Bh5 27. Nf4 Bg4 28. h3 Bxf3+ 29. Qxf3 Bg5 30. Be3 Bxf4 31. gxf4 Qa6
32. Qd1 Rf6 33. Kh2 Rg6 34. Rc1 h6 35. Rc2 Rg3 36. Bf2 Rc3 37. Rxc3 Nxc3
38. Qc2 Qxa2 39. Qxc3 Qxf2+ 40. Kh1 Qf1+ 41. Kh2 Qxf4+ 42. Kg2 Qe4+ 43. Kg3
Kh7 44. b4 a6 0-1

[Event "TCh-RUS"]
[Site "Togliatti RUS"]
[Date "2003.05.18"]
[Round "3"]
[White "Sidorov,A"]
[Black "Babiy,A"]
[Result "0-1"]
[WhiteElo "2374"]
[BlackElo "2471"]
[EventDate "2003.05.16"]

1. Nf3 Nf6 2. g3 g6 3. Bg2 Bg7 4. d3 d5 5. Nbd2 b6 6. O-O Bb7 7. Re1 O-O 8.
c3 Na6 9. Qc2 Nc5 10. b4 Ne6 11. Bb2 c5 12. a3 Qc7 13. c4 d4 14. Rab1 Rfd8
15. Nb3 Bc6 16. b5 Bb7 17. a4 a6 18. Rbd1 Ng4 19. Bc1 h5 20. Nbd2 Ra7 21.
Qb3 axb5 22. axb5 Bh6 23. Nf1 Bxc1 24. Rxc1 Rda8 25. Rb1 Ra2 26. Rb2 R2a3
27. Qc2 Nf8 28. Rb3 R3a4 29. Qd2 Kg7 30. Qc1 e5 31. h3 Nh6 32. e3 Ne6 33.
e4 f6 34. N1d2 Bc8 35. Rb1 Ra2 36. Rb2 R2a3 37. Rb3 R3a4 38. Rb1 R8a7 39.
Qc2 Qb8 40. Nb3 Ra2 41. Rb2 R2a3 42. Rbb1 Qa8 43. Rec1 Nf7 44. Qd1 Ra2 45.
Nfd2 h4 46. Ra1 Neg5 47. g4 Ne6 48. Rxa2 Rxa2 49. Ra1 Nf4 50. Bf1 Ng5 51.
Kh2 f5 52. gxf5 gxf5 53. Rxa2 Qxa2 54. Qa1 Nf3+ 0-1

[Event "TCh-RUS"]
[Site "Togliatti RUS"]
[Date "2003.05.18"]
[Round "3"]
[White "Kolotilin,Y"]
[Black "Filippov,Va"]
[Result "0-1"]
[WhiteElo "2332"]
[BlackElo "2627"]
[EventDate "2003.05.16"]

1. e4 c5 2. Nf3 e6 3. d4 cxd4 4. Nxd4 Nf6 5. Nc3 Nc6 6. Ndb5 d6 7. Bf4 e5
8. Bg5 a6 9. Na3 b5 10. Nd5 Be7 11. Bxf6 Bxf6 12. c3 O-O 13. Nc2 Bg5 14. a4
bxa4 15. Rxa4 a5 16. Bc4 Rb8 17. b3 Kh8 18. O-O f5 19. exf5 Bxf5 20. Nce3
Bg6 21. Bd3 Bf7 22. Be4 Bg8 23. Nc4 Rb5 24. Na3 Rc5 25. Rc4 Rxc4 26. Nxc4
Nb8 27. Ndb6 Be6 28. Qh5 Bh6 29. Rd1 Nd7 30. Nxd7 Qxd7 31. Rxd6 Qa7 32. Qe2
Bxc4 33. bxc4 a4 34. Qf3 Qb8 35. Rd1 a3 0-1

[Event "TCh-RUS"]
[Site "Togliatti RUS"]
[Date "2003.05.18"]
[Round "3"]
[White "Landa,K"]
[Black "Roppel,K"]
[Result "1-0"]
[WhiteElo "2643"]
[BlackElo "2287"]
[EventDate "2003.05.16"]

1. e4 c6 2. d4 d5 3. e5 g6 4. h3 Bg7 5. Nf3 Nh6 6. Bf4 f6 7. Bd3 O-O 8. O-O
f5 9. c4 e6 10. Nc3 Nf7 11. Qd2 a6 12. b4 Qe7 13. c5 Nd7 14. h4 Kh8 15. g3
h6 16. Kg2 Rg8 17. Ne2 Nf8 18. Be3 h5 19. a4 Bd7 20. b5 axb5 21. axb5 Rxa1
22. Rxa1 cxb5 23. Qb2 Bh6 24. Bxh6 Nxh6 25. Bxb5 Nf7 26. Bxd7 Qxd7 27. Ra7
Nd8 28. Qb6 Nh7 29. Nf4 Qc8 30. Kh2 Rg7 31. Qa5 Rg8 32. Ra8 Qd7 33. Nxg6+
Kg7 34. Nf4 1-0